<?xml version="1.0" encoding="UTF-8"?>
<record
    xmlns:xsi="http://www.w3.org/2001/XMLSchema-instance"
    xsi:schemaLocation="http://www.loc.gov/MARC21/slim http://www.loc.gov/standards/marcxml/schema/MARC21slim.xsd"
    xmlns="http://www.loc.gov/MARC21/slim">

  <leader>02752aam a2200313 a 4500</leader>
  <controlfield tag="003">AR-RoUNCS</controlfield>
  <controlfield tag="005">20251118140729.0</controlfield>
  <controlfield tag="008">070425s1981    ag ac  gr     001 0 spa</controlfield>
  <datafield tag="020" ind1=" " ind2=" ">
    <subfield code="a">950-2511-01-8</subfield>
    <subfield code="q">obra completa</subfield>
  </datafield>
  <datafield tag="040" ind1=" " ind2=" ">
    <subfield code="a">AR-BaBN</subfield>
    <subfield code="b">spa</subfield>
    <subfield code="c">AR-RoUNCS</subfield>
    <subfield code="e">aacr</subfield>
  </datafield>
  <datafield tag="080" ind1="1" ind2=" ">
    <subfield code="a">75(82)</subfield>
    <subfield code="2">2016</subfield>
  </datafield>
  <datafield tag="245" ind1="0" ind2="0">
    <subfield code="a">Pintores argentinos del siglo XX.</subfield>
  </datafield>
  <datafield tag="246" ind1="3" ind2="3">
    <subfield code="a">Artistas argentinos del siglo XX</subfield>
  </datafield>
  <datafield tag="260" ind1=" " ind2=" ">
    <subfield code="a">Buenos Aires :</subfield>
    <subfield code="b">Centro Editor de Am&#xE9;rica Latina,</subfield>
    <subfield code="c">1980-1982.</subfield>
  </datafield>
  <datafield tag="300" ind1=" " ind2=" ">
    <subfield code="a">8 v. :</subfield>
    <subfield code="b">il., retrs. ;</subfield>
    <subfield code="c">34 cm.</subfield>
  </datafield>
  <datafield tag="500" ind1=" " ind2=" ">
    <subfield code="a">Se public&#xF3; en 128 fasc&#xED;culos de entrega semanal para contar al cabo de su publicaci&#xF3;n con 8 volumenes completo. (Descripci&#xF3;n del editor).</subfield>
  </datafield>
  <datafield tag="505" ind1=" " ind2=" ">
    <subfield code="a">v.1-4 (fasc. 1 a 64): pintores argentinos del siglo XX -- v. 5 (Fasc. 65 al 80): Escultores argentinos del siglo XX -- v. 6 (Fasc. 81 al 96): Grabadores argentinos del siglo XX -- v. 7 (Fasc.97 al 112): Fot&#xF3;grafos argentinos del sigl XX.</subfield>
  </datafield>
  <datafield tag="505" ind1="0" ind2="0">
    <subfield code="a">Malharro -- Silva -- Fader -- Guillermo Butler -- Quir&#xF3;s --G&#xF3;mez Cornet --Victorica --Daneri -- Pettoruti -- Emilio Centuri&#xF3;n --Basald&#xFA;a -- Guttero --Spilimbergo --Del Prete -- Urruch&#xFA;a -- Policastro -- Dom&#xED;nguez Neira -- Castagnino -- Horacio Butler -- Carlos Alonso -- Berni -- Batlle Planas -- Aizenberg -- Xul Solar -- Supisiche -- Presas -- Torrallardona -- Soldi -- Seoane -- Cogorno -- Russo -- Forner -- Forte -- Gambartes -- Luis Barrag&#xE1;n -- Brizzi -- Mac Entyre -- Kemble -- Demirjian -- Hlito -- Deira -- Vidal -- Testa -- No&#xE9; -- Segu&#xED; -- Messil -- Bonevardi -- Carpani -- Paternosto -- Macci&#xF3; -- Vega, de la -- Carlos Silva -- Puente -- Torroja -- Grilo -- Le Parc -- Garabito -- Benedit -- Chab -- Roux.</subfield>
    <subfield code="g">Pintores argentinos.</subfield>
  </datafield>
  <datafield tag="505" ind1="0" ind2="0">
    <subfield code="a">Lola Mora -- Riganelli -- Lagos --Fioravanti -- Sibelino -- Curatella Manes -- Badii -- Paparella -- Blaszko -- Iommi -- Heredia -- Renart -- Fontana -- Dist&#xE9;fano.</subfield>
    <subfield code="g">Serie complementaria Escultores Argentinos del Siglo XX.</subfield>
  </datafield>
  <datafield tag="505" ind1="0" ind2="0">
    <subfield code="a">Pompeyo Audivert -- Fernando L&#xF3;pez Anaya -- Carballo -- Facio Hebequer -- Rebuffo -- Seoane -- Sergi -- Rubli -- Porter -- Zelaya -- Filevich -- Berni -- Norberto Onofrio -- Cugat -- Eduardo Audivert -- Planas Casas.</subfield>
    <subfield code="g">Serie complementaria Grabadores Argentinos del Siglo XX.</subfield>
  </datafield>
  <datafield tag="505" ind1="0" ind2="0">
    <subfield code="a">Di Sandro -- D'Amico --Humberto Rivas -- Coppola.</subfield>
    <subfield code="g">Serie complementaria Fot&#xF3;grafos Argentinos del Siglo XX.</subfield>
  </datafield>
  <datafield tag="581" ind1="8" ind2=" ">
    <subfield code="a">M&#xE1;s libros para m&#xE1;s : colecciones del Centro Editor de Am&#xE9;rica Latina. Buenos Aires : Biblioteca Nacional, 2008.</subfield>
    <subfield code="z">ISBN 978-987-9350-44-7.</subfield>
  </datafield>
  <datafield tag="650" ind1=" " ind2="4">
    <subfield code="a">PINTORES</subfield>
    <subfield code="z">ARGENTINA</subfield>
    <subfield code="y">SIGLO XX</subfield>
  </datafield>
  <datafield tag="650" ind1=" " ind2="4">
    <subfield code="a">PINTURA</subfield>
    <subfield code="y">SIGLO XX</subfield>
    <subfield code="x">ARTE</subfield>
    <subfield code="z">ARGENTINA</subfield>
  </datafield>
  <datafield tag="650" ind1=" " ind2="4">
    <subfield code="a">FOTOGRAF&#xCD;A</subfield>
    <subfield code="y">SIGLO XX</subfield>
    <subfield code="z">ARGENTINA</subfield>
  </datafield>
  <datafield tag="650" ind1=" " ind2="4">
    <subfield code="a">ESCULTURA</subfield>
    <subfield code="y">SIGLO XX</subfield>
    <subfield code="z">ARGENTINA</subfield>
  </datafield>
  <datafield tag="650" ind1=" " ind2="4">
    <subfield code="a">GRABADO</subfield>
    <subfield code="y">SIGLO XX</subfield>
    <subfield code="z">ARGENTINA</subfield>
  </datafield>
  <datafield tag="942" ind1=" " ind2=" ">
    <subfield code="2">udc</subfield>
    <subfield code="c">LS</subfield>
    <subfield code="n">0</subfield>
  </datafield>
  <datafield tag="999" ind1=" " ind2=" ">
    <subfield code="c">777</subfield>
    <subfield code="d">777</subfield>
  </datafield>
  <datafield tag="952" ind1=" " ind2=" ">
    <subfield code="0">0</subfield>
    <subfield code="1">0</subfield>
    <subfield code="2">udc</subfield>
    <subfield code="4">0</subfield>
    <subfield code="7">0</subfield>
    <subfield code="8">CG</subfield>
    <subfield code="a">ESOCIALES</subfield>
    <subfield code="b">ESOCIALES</subfield>
    <subfield code="d">2025-11-18</subfield>
    <subfield code="e">Donaci&#xF3;n 2024</subfield>
    <subfield code="l">0</subfield>
    <subfield code="o">75(82) P659</subfield>
    <subfield code="p">001186</subfield>
    <subfield code="r">2025-11-18 14:06:02</subfield>
    <subfield code="w">2025-11-18</subfield>
    <subfield code="y">LS</subfield>
  </datafield>
</record>
